States Most Likely to Secede From the U.S. - Statistics

General Stats
  • This quiz has been taken 66 times
  • The average score is 7 of 10
Answer Stats
Percent State % Correct
31% Texas
98%
29% California
92%
36% Alaska
79%
28% New York
79%
24% Washington
77%
28% Oklahoma
58%
25% Georgia
55%
25% Nebraska
40%
24% Indiana
37%
25% West Virginia
35%
No matching quizzes found
Score Distribution
Percent of People with Each Score
Percentile by Number Answered
Your Score History
You have not taken this quiz